Valle Inclán y su tiempo, hoy (Record no. 174585)

MARC details
000 -LEADER
campo de control de longitud fija 01159nam a2200277 4500
001 - NÚMERO DE CONTROL
campo de control 174585
003 - IDENTIFICADOR DE NÚMERO DE CONTROL
campo de control ES-MaACL
005 - FECHA Y HORA DE LA ÚLTIMA TRANSACCIÓN
campo de control 20240221153506.0
008 - DATOS DE LONGITUD FIJA--INFORMACIÓN GENERAL
campo de control de longitud fija 100507s1986 sp ao |||| |dspa d
080 ## - NÚMERO DE LA CLASIFICACIÓN DECIMAL UNIVERSAL
Número de la Clasificación Decimal Universal 929 Valle-Inclán, Ramón del (064.3)
080 ## - NÚMERO DE LA CLASIFICACIÓN DECIMAL UNIVERSAL
Número de la Clasificación Decimal Universal 860 Valle Inclán : 061.75
245 00 - MENCIÓN DEL TÍTULO
Título Valle Inclán y su tiempo, hoy
Resto del título : catálogo general /
Mención de responsabilidad, etc. [comisario general, Juan Antonio Hormigón].
246 33 - FORMA VARIANTE DEL TITULO
Título propio/Titulo breve Valle Inclán y su tiempo hoy
Resto del título : Cincuentenario 1986
260 ## - PUBLICACIÓN, DISTRIBUCIÓN, ETC.
Lugar de publicación, distribución, etc. [Madrid] :
Nombre del editor, distribuidor, etc. Instituto Nacional de las Artes Escénicas y de la Música,
Fecha de publicación, distribución, etc. D. L. 1986.
300 ## - DESCRIPCIÓN FÍSICA
Extensión 78 p. :
Otras características físicas il. col. y n., fot. ;
Dimensiones 24 cm.
500 ## - NOTA GENERAL
Nota general Descripción basada en la cub.
505 8# - NOTA DE CONTENIDO CON FORMATO
Nota de contenido con formato Contiene: Valle Inclán y el Ateneo
600 17 - PUNTO DE ACCESO ADICIONAL DE MATERIA--NOMBRE DE PERSONA
Nombre de persona Valle-Inclán, Ramón del,
Fechas asociadas al nombre 1866-1936-
Subdivisión de forma Exposiciones
Fuente del encabezamiento o término
9 (RLIN) 142759
600 14 - PUNTO DE ACCESO ADICIONAL DE MATERIA--NOMBRE DE PERSONA
Nombre de persona Valle-Inclán, Ramón del,
Fechas asociadas al nombre 1866-1936-
Subdivisión general Homenajes
9 (RLIN) 112802
655 #7 - TERMINO DE INDIZACIÓN--GENERO/FORMA
Fuente del término tgfbne
9 (RLIN) 193628
Datos o término principal de género/forma Catálogos de exposiciones
700 1# - ENTRADA AGREGADA--NOMBRE PERSONAL
Nombre de persona Hormigón, Juan Antonio.
9 (RLIN) 64204
710 2# - ENTRADA AGREGADA--NOMBRE DE ENTIDAD CORPORATIVA
Nombre de entidad corporativa o nombre de jurisdicción como elemento de entrada Instituto Nacional de las Artes Escénicas y de la Música (España)
9 (RLIN) 5175
852 4# - LOCALIZACIÓN
Ubicación ES-MaACL
Número de control de estantería C-57211
942 ## - ELEMENTOS DE ENTRADA SECUNDARIOS (KOHA)
Fuente del sistema de clasificación o colocación Clasificación decimal universal
Holdings
Estatus retirado Estado de pérdida Estado de daño No para préstamo Biblioteca de origen Biblioteca actual Ubicación en estantería Fecha de adquisición Fuente de adquisición Total de préstamos Signatura topográfica completa Código de barras Visto por última vez Precio de reemplazo Tipo de ítem Koha
        Biblioteca del Ateneo de Madrid Biblioteca del Ateneo de Madrid Depósito 2 07/05/2010     C-57211 1183275 23/02/2023 23/02/2023 Libro impreso